| 000 | 00509nam a2200169 4500 | ||
|---|---|---|---|
| 001 | 140239 | ||
| 003 | ES-MaACL | ||
| 005 | 20230906200034.0 | ||
| 007 | t| | ||
| 008 | 070214s1960 sp r ||||1| spa d | ||
| 100 | 1 |
_aSchulz, Fritz. _9104792 |
|
| 245 | 1 | 0 |
_aDerecho Romano clásico / _cFritz Schulz ; traducción de José Santa Cruz Teigeiro. |
| 260 |
_aBarcelona : _bBosch, _c1960. |
||
| 300 |
_a620 p. ; _c25 cm. |
||
| 700 | 1 |
_aSanta Cruz Teijeiro, José. _9103238 |
|
| 852 |
_aES-MaACL _jC-21252 _bR.49657 |
||
| 999 |
_c140239 _d140239 |
||